| 000 | 00497nam a2200133Ia 4500 | ||
|---|---|---|---|
| 008 | 220216s9999 xx 000 0 und d | ||
| 100 | _aMaridass B | ||
| 245 | 0 | _aUtilization of waste tire rubber powder in railway pads : Optimization by Taguchi method | |
| 260 | _bInternational Conference and Exhibition on Rubber and Allied Materials Asia Rub Tech Expo 2002. 28-30 November 2002, New Delhi. pp.106-111. | ||
| 650 | _aRailway pads | ||
| 650 | _aWaste tire | ||
| 700 | _aGupta B R | ||
| 942 | _cJS | ||
| 999 |
_c72037 _d72037 |
||